00574nam a2200181Ia 4500003000900000008004100009040001600050080001700066100002300083245006000106260003400166300001000200490004600210650002400256942000700280999001300287952009200300IN-BaIIA211028s9999 xx 000 0 eng d cIIA Library a521.1bPOI-2 aPoincare, H.91506 0aLecons de mecanique celestebvol. IIcH. Poincare  aParisbGauthier Villarsc1907 a165p. aCours de pa faculte des sciences de Paris aCelestial mechanics cBK c707d707 00104070aBANbBANcGENd0000-00-00l0o521.1/ POI-2p731r2021-11-05w0000-00-00yBK